书目信息 |
| 题名: |
筑炉工手册
|
|
| 作者: | ;《筑炉工手册》编写小组 编 | |
| 分册: | ||
| 出版信息: | 北京 冶金工业出版社 1973 |
|
| 页数: | 823页 | |
| 开本: | 21cm | |
| 丛书名: | ||
| 单 册: | ||
| 中图分类: | TF576-62 | |
| 科图分类: | ||
| 主题词: | 冶金炉--砌筑--手册 , 炼铁 | |
| 电子资源: | ||
| ISBN: | ||
| 000 | 00694nam0 2200253 45 980 | |
| 001 | 0658765547 | |
| 005 | 20061126162005.85 | |
| 010 | @b精装@dCNY2.90 | |
| 091 | @a15062.3068 | |
| 100 | @a19970802d1973 em y0chiy0121 ea | |
| 101 | 0 | @achi |
| 102 | @aCN@b110000 | |
| 105 | @afk z 000yy | |
| 106 | @ar | |
| 200 | 10 | @a筑炉工手册@Azhu lu gong shou ce@f《筑炉工手册》编写小组编 |
| 205 | @a新1版 | |
| 210 | @a北京@c冶金工业出版社@d1973 | |
| 215 | @a823页@c表,图@d21cm | |
| 606 | @a冶金炉@x砌筑@x手册 | |
| 606 | 0 | @a炼铁 |
| 690 | @aTF576-62@v3 | |
| 711 | 02 | @a《筑炉工手册》编写小组@4编@A《 zhu lu gong shou ce》 bian xie xiao zu |
| 801 | 0 | @c20061126 |
| 905 | @a10447@dTF576-62@e2 | |
| 筑炉工手册/《筑炉工手册》编写小组编 .-新1版 .-北京:冶金工业出版社,1973 |
| 823页:表,图;21cm |
| ISBN (精装):CNY2.90 |
| ● |
| 相关链接 |
|
|
|
|
正题名:筑炉工手册
索取号:TF576-62/2
 
预约/预借
| 序号 | 登录号 | 条形码 | 馆藏地/架位号 | 状态 | 备注 |
| 1 | 0017595 | 001472169 | 第二样本阅览室/ [索取号:TF576-62/2] | 在馆 |